Dialéctica de las formas : el pensamiento de la escuela de Budapest /

Compendio de escritos críticos de diversos intelectuales húngaros en torno a la teoría estética de Lukács. Los autores propugan por la búsqueda de modelos occidentales e intervienen comprometidamente en la polémica metodológica contemporánea; por lo que es por tanto, una reflexión compleja sobre la...

Descrizione completa

Salvato in:
Dettagli Bibliografici
Autore principale: Heller, Agnes (ed.)
Altri autori: Fehér, Ferenc (edición) (edición)
Natura: Libro
Lingua:spagnolo
Pubblicazione: Barcelona, España : Península, 1987, c1987
Serie:(Historia, Ciencia, Sociedad ; 204)
Soggetti:
Tags: Aggiungi Tag
Nessun Tag, puoi essere il primo ad aggiungerne!!

MARC

LEADER 00000nam^a2200000^a^4500
001 000136776
005 20250521000000.0
005 20250521000000.0
009 20260310095329.866
020 |a 84-297-2607-1 
037 |a Acervo ITESO - Biblioteca 
041 |a ESP 
082 |a 701. 17  |b HEL 
100 |a Heller, Agnes  |e (ed.) 
245 1 0 |a Dialéctica de las formas :  |b el pensamiento de la escuela de Budapest /  |c Ed. de A. Heller, F. Fehér ; tr. por Montserrat Gurgui. 
264 4 |a Barcelona, España :  |b Península,  |c 1987, c1987 
300 |a 189 p. 
336 |a texto  |b txt  |2 rdacontenido 
337 |a sin mediación  |b n  |2 rdamedio 
338 |a volumen  |b nc  |2 rdasoporte 
440 1 |a (Historia, Ciencia, Sociedad ;  |v 204) 
520 |a Compendio de escritos críticos de diversos intelectuales húngaros en torno a la teoría estética de Lukács. Los autores propugan por la búsqueda de modelos occidentales e intervienen comprometidamente en la polémica metodológica contemporánea; por lo que es por tanto, una reflexión compleja sobre la estética constructivista. 
649 |a XX 
650 |a Valores 
650 |a Sublime, Lo 
650 |a Cultura de Masas 
650 |a Axiología 
650 |a Pintura -  |x Teoría 
650 |a Filosofía del Siglo XX 
650 |a Filosofía Clásica 
650 |a Arte y Sociedad 
650 |a Lukács, Georg 
650 |a Estética 
650 |a Novela -  |x Teoría 
700 |a Fehér, Ferenc  |e (edición) 
910 |a Fondo General 
920 |a Impresos - Libros 
930 |a Colección General 
905 |a 101 
901 |a 0500065479  |b IT1  |c ACC  |u 20250521 
902 |a https://opac.biblio.iteso.mx/vufind/Record/000136776